| 000 | 00819nam a2200205Ii 4500 | ||
|---|---|---|---|
| 003 | JO-AjNU | ||
| 008 | 230605s9999||||xx |||||||||||||| ||und|| | ||
| 017 | _a2019/6/3199 | ||
| 040 |
_aJO-AjNU _bara _erda _cJO-AjNU |
||
| 041 | _aara | ||
| 050 | 1 | 4 | _aDS109.9.A28 2019 |
| 100 | 3 |
_aتأليف أبو جابر، رؤوف سعد , _eauthor _962679 |
|
| 245 | 0 | 0 | _aالوجود المسيحي في القدس في القرنين التاسع عشروالعشرين |
| 264 | 3 | 1 | _aعمان: وزارة الثقافة، 2019 |
| 300 |
_a294ص _bيحتوي على صور توضيحية ويشمل على مراجع من ص273-278 |
||
| 336 |
_atext _btxt _2rdacontent |
||
| 337 |
_aunmediated _bn _2rdamedia |
||
| 338 |
_avolume _bnc _2rdacarrier |
||
| 650 | 4 |
_aالمسيحون- القدس- تاريخ- القرن19-20 _962680 |
|
| 999 |
_aA28394 _c31962 _d31962 |
||